Statistics for Echo Fighters in Super Smash Bros. Ultimate

Click here to take the quiz!

General Stats

  • This quiz has been taken 559 times
    (544 since last reset)
  • The average score is 7 of 7

Answer Stats

OriginalEcho% Correct
PeachDaisy
100%
PitDark Pit
99%
SamusDark Samus
99%
RyuKen
97%
MarthLucina
95%
SimonRichter
95%
RoyChrom
92%

Score Distribution

Percentile by Number Answered

Percent of People with Each Score

Your Score History

You have not taken this quiz since the last reset